Southville International School and Colleges
Your cart is empty.
  • Cart
  • Lists
    Public lists Eva Luna New books Lux_list list_1
    Your lists Log in to create your own lists
  • Log in to your account
  • Your cookies
  • Search history
Southville International School and Colleges
  • Advanced search
  • Recent comments
  • Most popular
  • Libraries

Log in to your account

Log in with GOOGLE


If you do not have an external account, but do have a local account, you can still log in:

  1. Home
  2. MARC view: Spanish ab initio :
Normal view MARC view ISBD view

Spanish ab initio : (Record no. 367276)

[ view plain ]
MARC details
000 -LEADER
fixed length control field 00787nam a22002177a 4500
003 - CONTROL NUMBER IDENTIFIER
control field 0
005 - DATE AND TIME OF LATEST TRANSACTION
control field 20250310150742.0
008 - FIXED-LENGTH DATA ELEMENTS--GENERAL INFORMATION
fixed length control field 250310b xxu||||| |||| 00| 0 eng d
020 ## - INTERNATIONAL STANDARD BOOK NUMBER
International Standard Book Number 978-1-510-45434-7
050 ## - LIBRARY OF CONGRESS CALL NUMBER
Classification number TR IB PC 4115
Item number .B149 2019
100 ## - MAIN ENTRY--PERSONAL NAME
Personal name Bagwe, Kasturi,
Relator term author.
245 ## - TITLE STATEMENT
Title Spanish ab initio :
Remainder of title grammar and skills workbook /
Statement of responsibility, etc Kasturi Bagwe and Monia Voegelin.
260 ## - PUBLICATION, DISTRIBUTION, ETC. (IMPRINT)
Place of publication, distribution, etc London :
Name of publisher, distributor, etc Hodder Education,
Date of publication, distribution, etc 2019.
300 ## - PHYSICAL DESCRIPTION
Extent 104 pages :
Other physical details illustrations ;
Dimensions 30 cm.
500 ## - GENERAL NOTE
General note For the IB diploma by concept.
650 ## - SUBJECT ADDED ENTRY--TOPICAL TERM
Topical term or geographic name as entry element Spanish language
General subdivision Grammar
Form subdivision Problems, exercises, etc.
650 ## - SUBJECT ADDED ENTRY--TOPICAL TERM
Topical term or geographic name as entry element Spanish language
General subdivision Textbooks for foreign speakers
Form subdivision English.
650 ## - SUBJECT ADDED ENTRY--TOPICAL TERM
Topical term or geographic name as entry element Spanish language
General subdivision Study and teaching.
700 ## - ADDED ENTRY--PERSONAL NAME
Personal name Voegelin, Monia,
Relator term author.
942 ## - ADDED ENTRY ELEMENTS (KOHA)
Source of classification or shelving scheme Library of Congress Classification
Koha item type Books
Holdings
Withdrawn status Lost status Source of classification or shelving scheme Damaged status Home library Current library Shelving location Date acquired Source of acquisition Sub Shelving location Total Checkouts Full call number Barcode Date last seen Price effective from Koha item type
    Library of Congress Classification   Luxembourg Library Luxembourg Library Teachers Reference Section 02/17/2025 Library Fund     TR IB PC 4115 .B149 2019 IB0315 03/10/2025 03/10/2025 Books

Spanish ab initio :

APA

Bagwe K., Voegelin M., . (2019). Spanish ab initio. London: Hodder Education.

Chicago

Bagwe Kasturi, Voegelin Monia, . 2019. Spanish ab initio. London: Hodder Education.

Harvard

Bagwe K., Voegelin M., . (2019). Spanish ab initio. London: Hodder Education.

MLA

Bagwe Kasturi, Voegelin Monia, . Spanish ab initio. London: Hodder Education. 2019.

  • Place hold
  • Print
  • Cite
  • Add to your cart (remove)
  • Save record
    BIBTEX Dublin Core MARCXML MARC (non-Unicode/MARC-8) MARC (Unicode/UTF-8) MARC (Unicode/UTF-8, Standard) MODS (XML) RIS
  • More searches
    Search for this title in:
    Other Libraries (WorldCat) Other Databases (Google Scholar) Online Stores (Bookfinder.com) Open Library (openlibrary.org)

Exporting to Dublin Core...

SOUTHVILLE LIBRARY

Southville International School and Colleges Library

1281 Tropical Ave. Cor. Luxembourg St., BF Homes International, Las Pinas City

Tel. No. 8256374 / 252358 Loc. 117/146

Powered by Koha